00932nam a22002177a 450000500170000000800410001702000220005805000180008010000240009824500960012226000330021830000180025133700100026933800140027944000250029350000310031850502820034965000310063165000290066270000230069120231102151634.0140128t1988 mx ||||| |||| 00| 0 esp d a978-968-853-261-4 aBF24 A23 198810aABERASTURY, Arminda10aLa adolescencia normalb: un enfoque psicoanalíticocArmida Abersdtury y Mauricio Knobel aMéxicob: Paídosc, 1988 a163 páginas atexto asin medio aPaídos educador 57 aLicenciatura Max 14 004852 aPrefacio Introducción Adolescenete y la libertad El sindrome de la adolescencia normal Adolescencia y psicopatia Adolescencia y psicopatia con especial refrenecia a las defensas El pensamienton en el adolescente y el pensamiento psicopatico El adolescente y el mundo actual 10xADOLESCENCIAaPSICOLOGÍA20xADOLESCENCIAaPSICOPATIA12aKNOBEK, Mecoautor